000 00627cam a2200241 4500
008 090401t1991 xxu||||| |||| 00| 0 eng d
020 _a0582080010
035 _a(Sirsi) u46626
041 _aeng
050 _a306.2
100 _aPower, Anne
245 _aHousing management: a guide to quality and creativity.
260 _aHarlow
_bLongman
_c1991
300 _a271p. : ill. ; 30cm.
350 _a28
650 _aCOUNCIL HOUSING
650 _aHOUSING ESTATES
650 _aPRIORITY ESTATES PROJECT
690 _aBlock management
_96220
710 _aPEP Associates
_92836
942 _n0
948 _c04/03/1997
999 _c91960
_d91960